The Best/Worst Countries for Mothers (with a map) - Statistics

General Stats
  • This quiz has been taken 131 times
  • The average score is 14 of 21
Answers on the Map
Answers color-coded by a green-red scale on the quiz's map according to % correct below.
 
Answer Stats
Hint Answer % Correct
1 Norway
93%
2 Finland
92%
5 Sweden
92%
8 Germany
89%
4 Denmark
88%
3 Iceland
83%
6 Netherlands
83%
9 Australia
77%
10 Belgium
76%
2 DR Congo
72%
5 Niger
72%
7 Spain
65%
8 Chad
63%
4 Mali
62%
1 Somalia
61%
3 Central African Rep.
58%
10 Sierra Leone
32%
9 Guinea-Bissau
31%
6 Gambia
29%
7 Cote d'Ivoire
23%
10 Haiti
22%
No matching quizzes found
Score Distribution
Percent of People with Each Score
Percentile by Number Answered
Your Score History
You have not taken this quiz